| 000 | 00702nam 22002413 4500 | ||
|---|---|---|---|
| 001 | 190432 | ||
| 010 | _a972-23-2876-X | ||
| 021 |
_aPT _b179 130/02 |
||
| 090 | _a190432 | ||
| 100 | _a20240619d u||y0pory50 ba | ||
| 101 | _apor | ||
| 200 |
_aUma Paixão Obsessiva _fIngrid Noll _gTradução de João Bouza da Costa |
||
| 205 | _a1ª | ||
| 210 |
_aBarcarena _cEditorial Presença _d2002 |
||
| 215 |
_a194, [2] p. _cBrochado _d23 cm |
||
| 225 |
_aO Fio da Navalha _v43 |
||
| 300 | _aRomance | ||
| 606 |
_910 _aLiteratura Alemã |
||
| 675 |
_a821.112.2-31/NOL/UMA _vPT _zpor |
||
| 700 |
_97595 _aNoll _bIngrid _f1935- |
||
| 801 |
_aPT _bBMMN _gRPC |
||
| 830 |
_cCarlos Pinto _d19-06-2024 _fCarlos Pinto |
||
| 990 | _cLIVROS | ||